000 01505nam a22004097a 4500
003 CHAP
005 20220329140445.0
008 971013s1971 r 00010 d
010 _a52242
011 _a53214
035 _a57364
040 _cCHAP
082 _a633.11
_bP6 1971
100 0 0 _aPomeranz, Yeshajahu.
_990750
245 _aWheat
_b: chemistry and technology
250 _a2 ed.
260 _aSt. Paul, Minn. :
_bAmerican Association of Cereal Chemistry,
_c1971
300 _a821 p.
_b: ilus.
490 _aMonograph series
_v; 3
590 _aBATCH-UPD
_b10
_c20130110
_lUCH01
_h0008
590 _aBATCH-UPD
_b10
_c20130110
_lUCH01
_h1932
590 _aBATCH-UPD
_b10
_c20130410
_lUCH01
_h1257
590 _aBATCH-UPD
_b10
_c20130914
_lUCH01
_h1601
590 _aCONVERSION
_b10
_c20130109
_lUCH01
_h1328
650 1 4 _aHarina
_xAnálisis.
_952681
650 1 4 _aTrigo
_xComposición.
_9114997
650 1 4 _aTrigo
_xCualidades de panificación.
_9115004
650 1 4 _aTrigo
_xProductos.
_9115083
710 0 _aAmerican Association of Cereal Chemists. St. Paul, Minn.
_95219
830 0 _aMonograph series
_v; 3
_977594
901 _aBK
942 _cLIBRO
949 _a633.11 P6 1971
_bBC
_cLIBRO
_d33724000193504
_eLIBRO
_h42145
_i57364
_si
949 _a633.11 P6 1971
_bBC
_cLIBRO
_d33724000193553
_eLIBRO
_fc.3
_h57032
_i57364
_si
949 _a633.11 P6 1971
_bBC
_cLIBRO
_d33724000193561
_eLIBRO
_fc.2
_h57031
_i57364
_si
949 _a633.11 P6 1971
_bBC
_cLIBRO
_d33724000628277
_eLIBRO
_fc.4
_h57033
_i57364
_si
999 _c52242
_d52242